National Park or National Monument? - Statistics

General Stats
  • This quiz has been taken 7 times
  • The average score is 22 of 25
Answer Stats
Question Answer % Correct
Statue of Liberty National Monument
100%
Navajo National Monument
100%
Yellowstone National Park
100%
Hot Springs National Park
100%
Wind Cave National Park
100%
White Sands National Park
100%
Lassen Volcanic National Park
100%
New River Gorge National Park
100%
Petrified Forest National Park
100%
Stonewall National Monument
83%
Natural Bridges National Monument
83%
Muir Woods National Monument
83%
Jewel Cave National Monument
83%
Organ Pipe Cactus National Monument
83%
Oregon Caves National Monument
83%
Jurassic National Monument
83%
Mount St. Helens Volcanic National Monument
83%
Sonoran Desert National Monument
83%
Crater Lake National Park
83%
Arches National Park
83%
Saguaro National Park
83%
Theodore Roosevelt National Park
83%
Gateway Arch National Park
67%
Lake Clark National Park
67%
Giant Sequoia National Monument
50%
No matching quizzes found
Score Distribution
Percent of People with Each Score
Percentile by Number Answered
Your Score History
You have not taken this quiz